| 000 | 00526nam a2200205Ia 4500 | ||
|---|---|---|---|
| 005 | 20251113154211.0 | ||
| 008 | 230125s9999 xx 000 0 und d | ||
| 020 | _a81-219-2550-9 | ||
| 041 | _aeng | ||
| 082 |
_a158.1 _bVER |
||
| 100 |
_aVerma S _9214863 |
||
| 245 |
_aBody Language _bYour Success Mantra |
||
| 260 |
_c2006 _bS Chand & Sons _aNew Delhi |
||
| 300 | _a173p | ||
| 500 | _aPersonality Development, | ||
| 650 |
_aPersonality Development _9213420 |
||
| 700 |
_aVerma S _9214863 |
||
| 906 | _b50 | ||
| 942 | _cBK | ||
| 999 |
_c84753 _d84753 |
||